Preparing for the twenty-first century / (Record no. 554024)

000 -LEADER
fixed length control field 00513pam a2200169 a 4500
020 ## - INTERNATIONAL STANDARD BOOK NUMBER
International Standard Book Number 0394584430 :
082 00 - DEWEY DECIMAL CLASSIFICATION NUMBER
Classification number 303.490905
Author Mark KEN
-- D
100 1# - MAIN ENTRY--PERSONAL NAME
Personal name Kennedy, Paul M.,
9 (RLIN) 1495
245 10 - TITLE STATEMENT
Title Preparing for the twenty-first century /
Statement of responsibility, etc. Paul Kennedy.
250 ## - EDITION STATEMENT
Edition statement 1st ed.
260 ## - PUBLICATION, DISTRIBUTION, ETC.
Place of publication, distribution, etc. New York :
Name of publisher, distributor, etc. Random House,
Date of publication, distribution, etc. c1993.
300 ## - PHYSICAL DESCRIPTION
Extent xvi, 428 p. :
Other physical details ill. ;
Dimensions 25 cm.
526 ## - STUDY PROGRAM INFORMATION NOTE
Program name 0
Interest level 0
Reading level 0
Title point value 303_490905000000000_KEN
526 ## - STUDY PROGRAM INFORMATION NOTE
Program name 0
Interest level 0
Reading level 0
Title point value 303_490905000000000_KEN
650 #0 - SUBJECT ADDED ENTRY--TOPICAL TERM
Topical term or geographic name entry element Twenty-first century.
942 ## - ADDED ENTRY ELEMENTS (KOHA)
Source of classification or shelving scheme
Koha item type Book
Holdings
Withdrawn status Lost status Source of classification or shelving scheme Damaged status Not for loan Permanent Location Current Location Date acquired Total Checkouts Full call number Barcode Date last seen Price effective from Koha item type
          Military College of Engineering (MCE) Military College of Engineering (MCE) 01/15/2018   303.490905 KEN MCE-50556 01/15/2018 01/15/2018 Book
          Military College of Engineering (MCE) Military College of Engineering (MCE) 01/15/2018   303.490905 KEN MCE-50557 01/15/2018 01/15/2018 Book
© 2023 Central Library, National University of Sciences and Technology. All Rights Reserved.